[Event "38th ECC Open 2023"]
[Site "Durres ALB"]
[Date "2023.10.06"]
[Round "6.3"]
[Board "6"]
[White "Huzman, Alexander"]
[Black "Delchev, Aleksander"]
[Result "1-0"]
[WhiteTitle "GM"]
[BlackTitle "GM"]
[WhiteElo "2526"]
[BlackElo "2514"]
[WhiteTeam "Beer Sheva Chess Club"]
[BlackTeam "Asnieres - Le Grand Echiquier"]
[WhiteFideId "2803828"]
[BlackFideId "2900394"]
[EventDate "2023.10.01"]

1. Nf3 d5 2. d4 Nf6 3. c4 e6 4. g3 dxc4 5. Bg2 Bb4+ 6. Bd2 a5 7. a3 Bxd2+ 8.
Nbxd2 b5 9. b3 cxb3 10. Qxb3 Ba6 11. O-O O-O 12. Rfc1 a4 13. Qc2 Nd5 14. Ne5 Ra7
15. Ne4 Nb6 16. e3 Qe7 17. Nc5 f6 18. Nc6 Nxc6 19. Bxc6 e5 20. d5 Bc8 21. Bxb5
Kh8 22. Bc6 f5 23. Qc3 Rd8 24. Rd1 e4 25. Rac1 Rd6 26. Qd4 h6 27. Nxa4 Rxc6 28.
Rc3 Rc5 29. Rxc5 Rxa4 30. Rc6 Qd7 31. Qe5 Ra7 32. Rxh6+ Kg8 33. Re6 Nc4 34. Qd4
Ra4 35. Rc6 Nb6 36. Qe5 Ra7 37. h4 Kf8 38. h5 Qe8 39. Qxe8+ Kxe8 40. d6 Kd7 41.
Rdc1 Nd5 42. dxc7 Rxc7 43. Rxc7+ Nxc7 44. Kg2 Kd6 45. Kh3 Bd7 46. Kh4 Ne6 47.
Rd1+ Ke7 48. Rd5 Nc7 49. Ra5 Nb5 50. Kg5 Nd6 51. Ra7 Nb5 52. Rxd7+ 1-0

[Event "38th ECC Open 2023"]
[Site "Durres ALB"]
[Date "2023.10.06"]
[Round "6.4"]
[Board "1"]
[White "Sanal, Vahap"]
[Black "Mamedyarov, Shakhriyar"]
[Result "1/2-1/2"]
[WhiteTitle "GM"]
[BlackTitle "GM"]
[WhiteElo "2603"]
[BlackElo "2734"]
[WhiteTeam "Gokturk Chess Sport Club"]
[BlackTeam "Schachclub Viernheim 1934 e.V."]
[WhiteFideId "6300545"]
[BlackFideId "13401319"]
[EventDate "2023.10.01"]

1. e4 e6 2. d4 d5 3. Nd2 dxe4 4. Nxe4 Nd7 5. Nf3 Ngf6 6. Nxf6+ Nxf6 7. Be3 Bd7
8. Ne5 Ba4 9. a3 Nd7 10. b3 Nxe5 11. dxe5 Qxd1+ 12. Rxd1 Bc6 13. b4 a5 14. c3
axb4 15. axb4 Be7 16. b5 Be4 17. f3 Bc2 18. Rd2 Bg6 19. Kf2 b6 20. Bd3 O-O-O 21.
Rhd1 Bxd3 22. Rxd3 Rxd3 23. Rxd3 Rd8 24. Rxd8+ Kxd8 25. Ke2 c5 26. g4 Bh4 27. f4
Kd7 28. Bf2 Bxf2 29. Kxf2 Ke7 30. Kf3 g6 1/2-1/2

[Event "38th ECC Open 2023"]
[Site "Durres ALB"]
[Date "2023.10.06"]
[Round "6.4"]
[Board "2"]
[White "Amin, Bassem"]
[Black "Yilmaz, Mustafa"]
[Result "1/2-1/2"]
[WhiteTitle "GM"]
[BlackTitle "GM"]
[WhiteElo "2680"]
[BlackElo "2640"]
[WhiteTeam "Schachclub Viernheim 1934 e.V."]
[BlackTeam "Gokturk Chess Sport Club"]
[WhiteFideId "10601457"]
[BlackFideId "6302718"]
[EventDate "2023.10.01"]

1. Nf3 c5 2. g3 Nc6 3. Bg2 g6 4. O-O Bg7 5. e4 Nf6 6. Re1 O-O 7. c3 e5 8. Na3 d6
9. d3 Re8 10. Nc4 b5 11. Ne3 Rb8 12. a4 a6 13. axb5 axb5 14. Nd5 Ne7 15. Nxf6+
Bxf6 16. d4 exd4 17. cxd4 Bg4 18. d5 Qd7 19. Ra6 Ra8 20. Rxa8 Rxa8 21. Qc2 Bg7
22. h4 Nc8 23. e5 Qf5 24. Qxf5 Bxf5 25. Bf4 Bf8 26. Bf1 Ra2 27. Bxb5 Rxb2 28.
Ba6 dxe5 29. Bxe5 Ra2 30. Bxc8 Bxc8 31. Ng5 Bf5 32. g4 Bxg4 33. Ne4 f5 34. Nf6+
Kf7 35. Nxh7 Be7 36. Ng5+ Bxg5 37. hxg5 Re2 1/2-1/2

[Event "38th ECC Open 2023"]
[Site "Durres ALB"]
[Date "2023.10.06"]
[Round "6.4"]
[Board "3"]
[White "Can, Emre"]
[Black "Korobov, Anton"]
[Result "1/2-1/2"]
[WhiteTitle "GM"]
[BlackTitle "GM"]
[WhiteElo "2576"]
[BlackElo "2658"]
[WhiteTeam "Gokturk Chess Sport Club"]
[BlackTeam "Schachclub Viernheim 1934 e.V."]
[WhiteFideId "6302181"]
[BlackFideId "14105730"]
[EventDate "2023.10.01"]

1. d4 Nf6 2. c4 e6 3. Nf3 d5 4. g3 dxc4 5. Bg2 Nc6 6. Nc3 Rb8 7. Qa4 Bb4 8. O-O
Bxc3 9. bxc3 b5 10. Qc2 O-O 11. Bg5 h6 12. Bh4 Ne7 13. Bxf6 gxf6 14. a4 a6 15.
Rab1 Bb7 16. e4 f5 17. exf5 Bxf3 18. Bxf3 Nxf5 19. axb5 axb5 20. Rfe1 Qf6 21.
Bc6 Nd6 22. Re5 Rb6 23. Rc5 b4 24. cxb4 Qxd4 25. Rd1 Qf6 26. b5 Rfb8 27. Qa4 Qb2
28. h4 Nxb5 29. Bxb5 Rxb5 30. Qxc4 Rxc5 31. Qxc5 Qe2 32. Rf1 Rb7 33. Qc3 Qe4 34.
Qf6 Qg6 35. Qd8+ Kg7 36. Qd4+ Qf6 37. Qg4+ Kf8 38. Qe4 Rb2 39. Qc4 Qe5 40. Rc1
Qf6 41. Rf1 1/2-1/2

[Event "38th ECC Open 2023"]
[Site "Durres ALB"]
[Date "2023.10.06"]
[Round "6.4"]
[Board "4"]
[White "Wagner, Dennis"]
[Black "Gokerkan, Cem Kaan"]
[Result "1/2-1/2"]
[WhiteTitle "GM"]
[BlackTitle "GM"]
[WhiteElo "2589"]
[BlackElo "2515"]
[WhiteTeam "Schachclub Viernheim 1934 e.V."]
[BlackTeam "Gokturk Chess Sport Club"]
[WhiteFideId "24650684"]
[BlackFideId "6336760"]
[EventDate "2023.10.01"]

1. d4 Nf6 2. c4 e6 3. Nf3 b6 4. a3 Bb7 5. Nc3 d5 6. cxd5 Nxd5 7. e3 Be7 8. Bb5+
c6 9. Bd3 c5 10. e4 Nxc3 11. bxc3 Nd7 12. O-O O-O 13. Qe2 Rc8 14. Bd2 Qc7 15. a4
Rfd8 16. Rfe1 e5 17. d5 c4 18. Bc2 Ba6 19. h4 Nc5 20. h5 h6 21. Nh2 Nd3 22. Qg4
Kh8 23. Bxd3 cxd3 24. Qg3 f5 25. exf5 Rxd5 26. Ng4 e4 27. Qxc7 Rxc7 28. Rxe4
Rxf5 29. Re5 Rxe5 30. Nxe5 Bf6 31. f4 Kg8 32. a5 Bxe5 33. fxe5 Bc4 34. axb6 axb6
35. Ra8+ Kf7 36. Kf2 Ke6 37. Re8+ Re7 1/2-1/2

[Event "38th ECC Open 2023"]
[Site "Durres ALB"]
[Date "2023.10.06"]
[Round "6.4"]
[Board "5"]
[White "Kilic, Eray"]
[Black "Fedorchuk, Sergey A."]
[Result "1-0"]
[WhiteTitle "IM"]
[BlackTitle "GM"]
[WhiteElo "2432"]
[BlackElo "2564"]
[WhiteTeam "Gokturk Chess Sport Club"]
[BlackTeam "Schachclub Viernheim 1934 e.V."]
[WhiteFideId "44517173"]
[BlackFideId "14102536"]
[EventDate "2023.10.01"]

1. e4 c5 2. Nf3 e6 3. c3 d5 4. e5 d4 5. d3 Nc6 6. g3 Qc7 7. Qe2 Nge7 8. Bg2 Ng6
9. Na3 Bd7 10. Nb5 Qb8 11. cxd4 a6 12. Na3 cxd4 13. Nc4 b5 14. Ncd2 Ra7 15. O-O
Bb4 16. Re1 Ba5 17. h4 h6 18. h5 Nge7 19. Nh4 Bc7 20. f4 Nb4 21. Ne4 Nbd5 22.
Qg4 Kf8 23. Qf3 Bc6 24. Bd2 Bb6 25. Rac1 Rc7 26. g4 Ba8 27. Rxc7 Qxc7 28. Rc1
Qb8 29. Kh1 Nc6 30. Qg3 Ne3 31. Bf3 Ke7 32. Nd6 Kd7 33. Nxf7 Rf8 34. Nd6 Ne7 35.
Ng6 Nxg6 36. hxg6 Bxf3+ 37. Qxf3 Qa8 38. Qxa8 Rxa8 39. Bxe3 dxe3 40. Re1 Rf8 41.
Nf7 Rc8 42. Re2 Ke7 43. Kg2 Rc1 44. f5 Rd1 45. f6+ Kf8 46. g5 h5 47. Kf3 Rf1+
48. Ke4 Rf2 49. Re1 e2 50. b4 h4 51. d4 h3 52. Ke3 Rg2 53. Rc1 Bc7 54. Kf3 gxf6
55. exf6 Ke8 56. Nh6 Rxg5 57. g7 1-0

[Event "38th ECC Open 2023"]
[Site "Durres ALB"]
[Date "2023.10.06"]
[Round "6.4"]
[Board "6"]
[White "Libiszewski, Fabien"]
[Black "Ozen, Deniz"]
[Result "1/2-1/2"]
[WhiteTitle "GM"]
[BlackTitle "IM"]
[WhiteElo "2496"]
[BlackElo "2382"]
[WhiteTeam "Schachclub Viernheim 1934 e.V."]
[BlackTeam "Gokturk Chess Sport Club"]
[WhiteFideId "616834"]
[BlackFideId "6349196"]
[EventDate "2023.10.01"]

1. e4 e5 2. Nf3 Nf6 3. d4 Nxe4 4. Bd3 d5 5. Nxe5 Nd7 6. Nxd7 Bxd7 7. O-O Bd6 8.
Nc3 Nxc3 9. bxc3 O-O 10. Qh5 f5 11. Re1 Qf6 12. Qf3 c6 13. Bf4 Rae8 14. c4 dxc4
15. Bxc4+ Kh8 16. Qg3 Bxf4 17. Qxf4 Re4 18. Rxe4 fxe4 19. Qxf6 gxf6 20. Re1 Re8
21. Bf7 Re7 22. Bb3 Re8 23. Kf1 Kg7 24. Ke2 f5 25. Ke3 Kf6 26. Kf4 Re7 27. h3
Rg7 28. g3 h5 29. c3 h4 30. Bd1 hxg3 31. fxg3 Rh7 32. h4 Be8 33. Rh1 Bh5 34.
Bxh5 Rxh5 35. c4 Rh8 36. h5 Rg8 37. Rh4 Rd8 38. Ke3 Rg8 39. Kf4 Rd8 40. h6 Rxd4
41. h7 e3+ 42. Kxe3 Rxh4 43. gxh4 Kg7 44. a4 b6 45. Kf4 a6 46. Kxf5 b5 47. cxb5
cxb5 48. axb5 axb5 49. Ke5 b4 50. Kd4 Kxh7 51. Kc4 Kh6 52. Kxb4 Kh5 53. Kc4 Kxh4 1/2-1/2

[Event "38th ECC Open 2023"]
[Site "Durres ALB"]
[Date "2023.10.06"]
[Round "6.5"]
[Board "1"]
[White "Donchenko, Alexander"]
[Black "Gelfand, Boris"]
[Result "1/2-1/2"]
[WhiteTitle "GM"]
[BlackTitle "GM"]
[WhiteElo "2676"]
[BlackElo "2655"]
[WhiteTeam "Turkish Airlines Sports Club"]
[BlackTeam "Rishon Lezion A"]
[WhiteFideId "24603295"]
[BlackFideId "2805677"]
[EventDate "2023.10.01"]

1. c4 c5 2. g3 g6 3. Bg2 Bg7 4. Nc3 Nc6 5. Nf3 e6 6. d4 cxd4 7. Nb5 d5 8. cxd5
Qa5+ 9. Nd2 exd5 10. Nd6+ Kf8 11. O-O Be6 12. e4 Nge7 13. exd5 Bxd5 14. Nxb7 Qb4
15. Bxd5 Nxd5 16. Qb3 Qxb3 17. Nxb3 h6 18. Rd1 Kg8 19. N7a5 Nxa5 20. Nxa5 Rc8
21. Nb3 Kh7 22. Nxd4 Rhd8 23. Nf3 Nb6 24. Be3 Bxb2 25. Rxd8 Rxd8 26. Bxb6 axb6
27. Rb1 Bg7 28. Rxb6 Ra8 29. h4 Rxa2 30. Kg2 Rc2 1/2-1/2

[Event "38th ECC Open 2023"]
[Site "Durres ALB"]
[Date "2023.10.06"]
[Round "6.5"]
[Board "2"]
[White "Rodshtein, Maxim"]
[Black "Vallejo Pons, Francisco"]
[Result "1/2-1/2"]
[WhiteTitle "GM"]
[BlackTitle "GM"]
[WhiteElo "2584"]
[BlackElo "2680"]
[WhiteTeam "Rishon Lezion A"]
[BlackTeam "Turkish Airlines Sports Club"]
[WhiteFideId "2806851"]
[BlackFideId "2205530"]
[EventDate "2023.10.01"]

1. d4 d5 2. Nf3 Nf6 3. c4 c6 4. g3 Bg4 5. Bg2 e6 6. O-O Nbd7 7. h3 Bf5 8. Nc3
Be7 9. Nh4 Be4 10. Bxe4 Nxe4 11. Nxe4 dxe4 12. Ng2 Nf6 13. Be3 O-O 14. Qc2 h6
15. Rad1 b5 16. b3 Qc8 17. g4 bxc4 18. bxc4 Rd8 19. Qa4 Nh7 20. Qc2 Nf6 21. Qa4
Nh7 22. Qc2 f5 23. f3 exf3 24. exf3 Ng5 25. Nf4 Bd6 26. Kg2 Rb8 27. Nd3 Rb7 28.
Qe2 Nf7 29. Rfe1 Re7 30. Bf4 fxg4 1/2-1/2

[Event "38th ECC Open 2023"]
[Site "Durres ALB"]
[Date "2023.10.06"]
[Round "6.5"]
[Board "3"]
[White "Bluebaum, Matthias"]
[Black "Zanan, Evgeny"]
[Result "1-0"]
[WhiteTitle "GM"]
[BlackTitle "GM"]
[WhiteElo "2668"]
[BlackElo "2465"]
[WhiteTeam "Turkish Airlines Sports Club"]
[BlackTeam "Rishon Lezion A"]
[WhiteFideId "24651516"]
[BlackFideId "24101940"]
[EventDate "2023.10.01"]

1. d4 Nf6 2. Nf3 d5 3. e3 e6 4. Bd3 b6 5. O-O Bb7 6. b3 Nbd7 7. Bb2 Bd6 8. Nbd2
Ne4 9. c4 O-O 10. Rc1 Qe7 11. b4 Nxd2 12. Nxd2 dxc4 13. Nxc4 Nf6 14. a3 Be4 15.
f3 Bxd3 16. Qxd3 Rfd8 17. Qe2 Rac8 18. e4 Bf4 19. Rcd1 c6 20. Bc3 b5 21. Na5 Bc7
22. Nb3 e5 23. dxe5 Bxe5 24. Qb2 Bxc3 25. Qxc3 Nd7 26. Nd4 Qf6 27. f4 c5 28.
Nxb5 Qb6 29. Nd6 cxb4+ 30. Qd4 Qxd4+ 31. Rxd4 Nc5 32. Rc4 Rb8 33. e5 Na6 34.
axb4 Rxb4 35. Ra1 Rxc4 36. Nxc4 Nc5 37. Rxa7 Rd1+ 38. Kf2 h5 39. Nd6 Rd4 40. Ke3
Rd3+ 41. Ke2 f6 42. Ra8+ Kh7 43. Ne4 Rd5 44. exf6 Kg6 45. fxg7 Kxg7 46. Nxc5
Rxc5 47. Ra3 Kg6 48. Kf3 Kf5 49. g3 Rc1 50. h3 Rf1+ 51. Kg2 Rb1 52. Ra5+ Ke4 53.
Re5+ 1-0

[Event "38th ECC Open 2023"]
[Site "Durres ALB"]
[Date "2023.10.06"]
[Round "6.5"]
[Board "4"]
[White "Bronstein, Or"]
[Black "Cheparinov, Ivan"]
[Result "1/2-1/2"]
[WhiteTitle "IM"]
[BlackTitle "GM"]
[WhiteElo "2433"]
[BlackElo "2658"]
[WhiteTeam "Rishon Lezion A"]
[BlackTeam "Turkish Airlines Sports Club"]
[WhiteFideId "2815770"]
[BlackFideId "2905540"]
[EventDate "2023.10.01"]

1. d4 Nf6 2. c4 e6 3. Nf3 h6 4. g3 Bb4+ 5. Nbd2 O-O 6. Bg2 d5 7. O-O b6 8. Qc2
Bb7 9. Rd1 Nbd7 10. Ne5 c5 11. cxd5 exd5 12. Ndf3 cxd4 13. Bf4 Re8 14. Bh3 Nxe5
15. Bxe5 Ne4 16. Bxd4 Bc5 17. Rac1 Qe7 18. Bg2 Rac8 19. Qa4 Bc6 20. Qb3 Qd7 21.
Re1 Ba4 22. Bh3 Qxh3 23. Qxa4 Qf5 24. Rcd1 a5 25. a3 Re7 26. Qb3 Rd8 27. Rd3 Rd6
28. Kg2 Bxd4 29. Rxd4 g5 30. Rf1 Nc5 31. Qd1 Ne6 32. e4 Qg6 33. Rxd5 Red7 34.
Re1 Qf6 35. Rxd6 Rxd6 36. Qe2 Nd4 37. Nxd4 Qxd4 38. Rc1 Kg7 39. h3 Qd2 40. Rc2
Qxe2 41. Rxe2 Rd3 42. Rc2 Rb3 43. e5 h5 44. Re2 b5 45. g4 hxg4 46. hxg4 a4 47.
Rc2 Kf8 48. Re2 1/2-1/2

[Event "38th ECC Open 2023"]
[Site "Durres ALB"]
[Date "2023.10.06"]
[Round "6.5"]
[Board "5"]
[White "Santos Latasa, Jaime"]
[Black "Sokolovsky, Yahli"]
[Result "1/2-1/2"]
[WhiteTitle "GM"]
[BlackTitle "IM"]
[WhiteElo "2650"]
[BlackElo "2447"]
[WhiteTeam "Turkish Airlines Sports Club"]
[BlackTeam "Rishon Lezion A"]
[WhiteFideId "2293307"]
[BlackFideId "2820242"]
[EventDate "2023.10.01"]

1. e4 e5 2. Nf3 Nc6 3. Bc4 Bc5 4. O-O Nf6 5. d3 d6 6. c3 a6 7. a4 Ba7 8. Nbd2
Nh5 9. Nb3 h6 10. Be3 Qf6 11. Qd2 Be6 12. Bxe6 Qxe6 13. Qc2 O-O 14. d4 Qg4 15.
h3 Qg6 16. Rfe1 Rfe8 17. Nh4 Qf6 18. Nf3 Nf4 19. Kh2 exd4 20. Nbxd4 Ne5 21. Nxe5
dxe5 22. Nf5 Bxe3 23. Nxe3 Rad8 24. Rad1 Qc6 25. b4 Kf8 26. g3 Ng6 27. a5 Ne7
28. h4 Nc8 29. Rd5 Qg6 30. Red1 Rxd5 31. Nxd5 Qc6 32. Qd3 Rd8 33. c4 f6 34. Qe2
Nd6 35. Rc1 Qd7 36. Kg2 c6 37. Nb6 Qe8 38. Rd1 Nf7 39. Na4 Qe7 40. Nc5 Rxd1 41.
Qxd1 Nd6 42. Qg4 Kf7 43. Qe2 Kg8 44. Qd3 Kf8 45. h5 Ke8 46. Kf1 Nf7 47. Qe2 Nd6
48. Qd3 Nf7 49. Kg2 Nd8 50. Qe2 Ne6 51. Qg4 Nxc5 52. Qc8+ Qd8 53. Qxd8+ Kxd8 54.
bxc5 Ke7 55. Kh3 Kf7 56. Kh4 Ke7 57. Kh3 Kf7 58. Kh4 Ke7 59. Kh3 1/2-1/2

[Event "38th ECC Open 2023"]
[Site "Durres ALB"]
[Date "2023.10.06"]
[Round "6.5"]
[Board "6"]
[White "Veinberg, Nimrod"]
[Black "Gurel, Ediz"]
[Result "0-1"]
[WhiteTitle "IM"]
[BlackTitle "IM"]
[WhiteElo "2402"]
[BlackElo "2514"]
[WhiteTeam "Rishon Lezion A"]
[BlackTeam "Turkish Airlines Sports Club"]
[WhiteFideId "2810280"]
[BlackFideId "44507356"]
[EventDate "2023.10.01"]

1. d4 d5 2. c4 c6 3. cxd5 cxd5 4. Nc3 Nf6 5. Bf4 Nc6 6. e3 Bf5 7. Qb3 Na5 8.
Qa4+ Bd7 9. Qc2 Rc8 10. Bd3 e6 11. Nf3 Bb4 12. O-O Nh5 13. Bg5 f6 14. Bxh7 Bxc3
15. bxc3 fxg5 16. Qg6+ Kf8 17. Qxh5 Be8 18. Qg4 Rxh7 19. Nxg5 Rh6 20. Nxe6+ Rxe6
21. Qxe6 Bf7 22. Qg4 Nc4 23. Rfe1 Nd2 24. Rac1 Ne4 25. c4 Nf6 26. Qf3 Bh5 27.
Qf5 dxc4 28. e4 Qd7 29. Qg5 Qxd4 30. e5 Rc5 31. Qg3 Ne8 32. Qa3 Kg8 33. Qxa7 b5
34. h3 c3 35. a3 Qd5 36. g4 Bg6 37. a4 c2 38. axb5 Rxb5 39. Qa4 Rb3 40. Kh2 Qf3
41. Qc4+ Kh8 42. Qf1 Be4 43. Re2 Rc3 44. Rxe4 Qxe4 0-1

[Event "38th ECC Open 2023"]
[Site "Durres ALB"]
[Date "2023.10.06"]
[Round "6.6"]
[Board "1"]
[White "Maksimovic, Bojan"]
[Black "Nihal, Sarin"]
[Result "0-1"]
[WhiteTitle "IM"]
[BlackTitle "GM"]
[WhiteElo "2502"]
[BlackElo "2694"]
[WhiteTeam "SK Zmaj"]
[BlackTeam "TAJFUN SK Ljubljana"]
[WhiteFideId "14408120"]
[BlackFideId "25092340"]
[EventDate "2023.10.01"]

1. Nf3 d5 2. e3 c5 3. b3 a6 4. Bb2 Nc6 5. d4 Nf6 6. Be2 cxd4 7. Nxd4 Qc7 8. Nxc6
bxc6 9. O-O e6 10. c4 Bd6 11. h3 O-O 12. Nc3 Bb7 13. Rc1 Qe7 14. Qc2 Rac8 15.
Rfd1 Bb8 16. Bf3 e5 17. e4 d4 18. Na4 Rcd8 19. c5 Bc8 20. Rb1 g5 21. Nb6 Be6 22.
Bc1 g4 23. hxg4 Nxg4 24. Bxg4 Bxg4 25. f3 Be6 26. Bh6 Rfe8 27. Qd2 Kh8 28. Bg5
f6 29. Bh4 Rg8 30. Kf2 Rdf8 31. b4 Qg7 32. g3 f5 33. Re1 Bc7 34. Ke2 fxe4 35.
fxe4 Bg4+ 36. Kd3 Rf3+ 37. Kc2 Qf7 38. Kc1 Bxb6 39. cxb6 Qc4+ 0-1

[Event "38th ECC Open 2023"]
[Site "Durres ALB"]
[Date "2023.10.06"]
[Round "6.6"]
[Board "2"]
[White "Volokitin, Andrei"]
[Black "Stankovic, Milos"]
[Result "1-0"]
[WhiteTitle "GM"]
[BlackTitle "IM"]
[WhiteElo "2664"]
[BlackElo "2464"]
[WhiteTeam "TAJFUN SK Ljubljana"]
[BlackTeam "SK Zmaj"]
[WhiteFideId "14107090"]
[BlackFideId "938190"]
[EventDate "2023.10.01"]

1. e4 c5 2. Nf3 d6 3. Nc3 Nf6 4. d4 cxd4 5. Nxd4 Bd7 6. f3 e5 7. Nb3 Be7 8. Be3
O-O 9. Qd2 a5 10. a4 Na6 11. O-O-O Nc7 12. Bb6 Qb8 13. Kb1 Bc6 14. Bd3 Kh8 15.
Bc4 Nd7 16. Bxc7 Qxc7 17. Nb5 Qb6 18. Nxd6 Bxd6 19. Qxd6 Bxa4 20. Qxb6 Nxb6 21.
Bd5 Bc6 22. Bxc6 bxc6 23. Nc5 Nc4 24. b3 Ne3 25. Rd2 Rfd8 26. Re2 Nd1 27. Na4
Rd4 28. Kc1 Rad8 29. Rf1 g5 30. Ree1 Rxa4 31. bxa4 Nc3 32. Re3 Nxa4 33. Ra3 Nb6
34. Rd1 1-0

[Event "38th ECC Open 2023"]
[Site "Durres ALB"]
[Date "2023.10.06"]
[Round "6.6"]
[Board "3"]
[White "Gagunashvili, Merab"]
[Black "Erdos, Viktor"]
[Result "1/2-1/2"]
[WhiteTitle "GM"]
[BlackTitle "GM"]
[WhiteElo "2550"]
[BlackElo "2559"]
[WhiteTeam "SK Zmaj"]
[BlackTeam "TAJFUN SK Ljubljana"]
[WhiteFideId "13601652"]
[BlackFideId "719978"]
[EventDate "2023.10.01"]

1. d4 Nf6 2. c4 g6 3. g3 c6 4. Bg2 d5 5. cxd5 cxd5 6. Nc3 Bg7 7. Nf3 O-O 8. O-O
Ne4 9. Qb3 Nc6 10. Bf4 Nxc3 11. bxc3 Na5 12. Qb4 b6 13. Nd2 Bb7 14. Nb3 Nc4 15.
Nd2 Na5 16. Nb3 Nc4 17. Nd2 Na5 18. Nb3 1/2-1/2

[Event "38th ECC Open 2023"]
[Site "Durres ALB"]
[Date "2023.10.06"]
[Round "6.6"]
[Board "4"]
[White "Brkic, Ante"]
[Black "Krstulovic, Alex"]
[Result "1-0"]
[WhiteTitle "GM"]
[BlackTitle "IM"]
[WhiteElo "2606"]
[BlackElo "2433"]
[WhiteTeam "TAJFUN SK Ljubljana"]
[BlackTeam "SK Zmaj"]
[WhiteFideId "14506688"]
[BlackFideId "760056"]
[EventDate "2023.10.01"]

1. e4 e6 2. d4 d5 3. Nc3 Bb4 4. e5 c5 5. a3 Ba5 6. b4 cxd4 7. Nb5 Bc7 8. f4 Bd7
9. Nxc7+ Qxc7 10. Bb2 Ne7 11. Nf3 Nbc6 12. Bd3 Nf5 13. Qd2 a6 14. Bxf5 exf5 15.
Bxd4 Nd8 16. O-O Ne6 17. Rf2 Rc8 18. Re1 h5 19. Re3 Qd8 20. Ng5 b6 21. Rg3 g6
22. Nxe6 Bxe6 23. Rc3 Rxc3 24. Qxc3 Kd7 25. Qd3 b5 26. a4 Qb8 27. c3 Rc8 28.
axb5 Qxb5 29. Qxb5+ axb5 30. Ra2 Kc7 31. Kf2 h4 32. Ra7+ Kb8 33. Ra6 Kc7 34. Bc5
Bd7 35. Ra7+ Kc6 36. h3 Re8 37. Ra6+ Kc7 38. Ra7+ Kc6 39. g3 Rh8 40. Ra6+ Kc7
41. Ra7+ Kc6 42. Bd4 hxg3+ 43. Kxg3 Rh7 44. h4 Be6 45. Ra8 Kc7 46. Rf8 Kc6 47.
Bc5 d4 48. cxd4 Kd5 49. Rd8+ Kc4 50. Be7 Bd5 51. Bf6 Be6 52. Kf2 Kxb4 53. d5 Kc4
54. dxe6 fxe6 55. Rd6 1-0

[Event "38th ECC Open 2023"]
[Site "Durres ALB"]
[Date "2023.10.06"]
[Round "6.6"]
[Board "5"]
[White "Pezelj, Novak"]
[Black "Markus, Robert"]
[Result "1/2-1/2"]
[WhiteTitle "IM"]
[BlackTitle "GM"]
[WhiteElo "2476"]
[BlackElo "2578"]
[WhiteTeam "SK Zmaj"]
[BlackTeam "TAJFUN SK Ljubljana"]
[WhiteFideId "927570"]
[BlackFideId "921637"]
[EventDate "2023.10.01"]

1. e4 e6 2. d4 d5 3. Bd3 dxe4 4. Bxe4 Nf6 5. Bf3 Nbd7 6. Nc3 Bb4 7. Ne2 O-O 8.
O-O e5 9. Bg5 Re8 10. Nd5 Bd6 11. Nec3 h6 12. Nxf6+ Nxf6 13. Bxf6 Qxf6 14. Ne4
Qd8 15. Nxd6 Qxd6 16. dxe5 Qxe5 17. Re1 Qxe1+ 18. Qxe1 Rxe1+ 19. Rxe1 Be6 20. b3
c6 21. Kf1 Kf8 22. Ke2 Rd8 23. Rd1 Rxd1 24. Kxd1 Ke7 25. Kd2 Kd6 26. g3 a5 27.
a3 b6 28. b4 axb4 29. axb4 c5 30. bxc5+ bxc5 31. Ke3 Ke5 1/2-1/2

[Event "38th ECC Open 2023"]
[Site "Durres ALB"]
[Date "2023.10.06"]
[Round "6.6"]
[Board "6"]
[White "Sebenik, Matej"]
[Black "Lukovic, Vladimir"]
[Result "1/2-1/2"]
[WhiteTitle "GM"]
[BlackTitle "IM"]
[WhiteElo "2523"]
[BlackElo "2437"]
[WhiteTeam "TAJFUN SK Ljubljana"]
[BlackTeam "SK Zmaj"]
[WhiteFideId "14602296"]
[BlackFideId "942952"]
[EventDate "2023.10.01"]

1. c4 c6 2. Nf3 d5 3. g3 g6 4. Bg2 Bg7 5. O-O Nf6 6. b3 O-O 7. Bb2 Bg4 8. d4 Qc8
9. Nbd2 Bh3 10. a4 Bxg2 11. Kxg2 Ne4 12. Rc1 e6 13. b4 Nxd2 14. Nxd2 Qd7 15. e4
b5 16. axb5 cxb5 17. cxd5 exd5 18. e5 Nc6 19. Nb3 Rfc8 20. Nc5 Qf5 21. g4 Qg5
22. f4 Qh4 23. Bc3 a5 24. Be1 Qe7 25. f5 f6 26. fxg6 fxe5 27. dxe5 Nxe5 28.
Qxd5+ Kh8 29. Qe4 axb4 30. Bxb4 Ra2+ 31. Kg3 Re8 32. Nb7 Qg5 33. Nd6 Rd8 34. h4
Qxg6 35. Qxg6 hxg6 36. Rc7 Rb2 37. Bc5 Rc2 38. Rd1 Rc3+ 39. Kf4 Rf8+ 40. Ke4 Rg3
41. g5 Rg4+ 42. Kd5 Nc4 43. Nf7+ Kg8 44. Rf1 Rxh4 45. Bxf8 Ne3+ 46. Kc6 Nxf1 47.
Bc5 b4 48. Nd6 Rf4 49. Rb7 Bc3 50. Rb8+ Rf8 51. Ne8 Rf4 52. Nf6+ Kf7 53. Nd5 Rc4
54. Rf8+ Kg7 55. Rxf1 Bd4 56. Nxb4 Rxc5+ 57. Kd6 Rxg5 58. Nd5 Rg4 59. Nf4 g5 60.
Ne6+ Kg6 61. Rf8 Bf6 62. Rg8+ Kf5 63. Kd5 Re4 64. Nxg5 Re5+ 65. Kd6 Be7+ 66. Kd7
Bxg5 67. Re8 Ra5 68. Kc6 Ra1 69. Re2 Bf4 70. Kd5 Rd1+ 71. Kc4 Be5 72. Rf2+ Ke6
73. Re2 Rc1+ 74. Kd3 Kd5 75. Rc2 Rh1 76. Rc8 Rh3+ 77. Ke2 Ke4 78. Re8 Rh2+ 79.
Ke1 Kd4 80. Kf1 Rh5 81. Ke2 Ke4 82. Re7 Rh2+ 83. Ke1 Rh8 84. Ke2 Ra8 85. Ke1 Kd5
86. Ke2 Ke4 87. Ke1 Kd4 88. Ke2 Bd6 89. Rd7 Ra2+ 90. Kf3 Ke5 91. Rd8 Bc5 92.
Re8+ Kd4 93. Rd8+ Kc4 94. Rc8 Rf2+ 95. Ke4 Rf1 96. Rc7 Rf8 97. Rc6 Re8+ 98. Kf3
Kd4 99. Rc7 Re3+ 100. Kf2 Re6 101. Kf3 Bd6 102. Rf7 Kd3 103. Rf5 Be5 104. Rf7
Bd4 105. Kf4 Re1 106. Kf5 Re2 107. Rh7 Rf2+ 108. Ke6 Ra2 109. Rh1 1/2-1/2

[Event "38th ECC Open 2023"]
[Site "Durres ALB"]
[Date "2023.10.06"]
[Round "6.7"]
[Board "1"]
[White "Sarana, Alexey"]
[Black "Kadric, Denis"]
[Result "1/2-1/2"]
[WhiteTitle "GM"]
[BlackTitle "GM"]
[WhiteElo "2682"]
[BlackElo "2579"]
[WhiteTeam "Sentimento Ajka BSK"]
[BlackTeam "Elektroprivreda"]
[WhiteFideId "24133795"]
[BlackFideId "14403803"]
[EventDate "2023.10.01"]

1. d4 Nf6 2. c4 d6 3. Nc3 g6 4. e4 Bg7 5. Be2 O-O 6. Be3 Na6 7. Nf3 e5 8. O-O
Qe7 9. Nd5 Nxd5 10. cxd5 exd4 11. Bxd4 Qxe4 12. Bxg7 Kxg7 13. Rc1 Nc5 14. Rc4
Qe7 15. b4 Nd7 16. Rxc7 Qf6 17. Nd4 Kg8 18. Qd2 Nb6 19. Bf3 Rb8 20. a4 Nxa4 21.
Re1 Nb6 22. Ra1 a6 23. b5 axb5 24. Rb1 Bd7 25. Nxb5 Bxb5 26. Rxb5 Rfc8 27. Rxc8+
Rxc8 28. h3 Qa1+ 29. Kh2 Nc4 30. Qf4 Rc7 31. Be2 Qe5 32. Qxe5 Nxe5 33. Rb6 Rc2
34. Bf3 Nxf3+ 35. gxf3 Rxf2+ 36. Kg3 Rd2 37. Rxd6 Rb2 38. Rd8+ Kg7 39. d6 Kf6
40. Re8 Rd2 41. Rb8 Rxd6 42. Rxb7 Rd4 43. h4 Kg7 44. Ra7 Rd5 45. Rb7 Rf5 46. Ra7
h5 47. Rb7 1/2-1/2